زكى نجيب محمود : (رقم التسجيلة. 153955)
[ عرض عادي ]
| 000 -LEADER | |
|---|---|
| fixed length control field | 01675camaa2200385 i 4500 |
| 003 - CONTROL NUMBER IDENTIFIER | |
| control field | EG-GiCUC |
| 005 - DATE AND TIME OF LATEST TRANSACTION | |
| control field | 20251112095603.0 |
| 008 - FIXED-LENGTH DATA ELEMENTS--GENERAL INFORMATION | |
| fixed length control field | 190428s2000 ua a jr 000 0 ara d |
| 017 ## - COPYRIGHT OR LEGAL DEPOSIT NUMBER | |
| Copyright or legal deposit number | 2001 / 2386 |
| Assigning agency | دار الكتب والوثائق القومية (مصر) |
| 020 ## - INTERNATIONAL STANDARD BOOK NUMBER | |
| International Standard Book Number | 9773271250 |
| 040 ## - CATALOGING SOURCE | |
| Original cataloging agency | EG-GiCUC |
| Language of cataloging | ara |
| Transcribing agency | EG-GiCUC |
| 082 04 - DEWEY DECIMAL CLASSIFICATION NUMBER | |
| Edition number | 21 |
| Classification number | 189.1092 |
| Item number | M215ir |
| 092 04 - LOCALLY ASSIGNED DEWEY CALL NUMBER (OCLC) | |
| Classification number | 189.1092 |
| Item number | M215ir |
| Edition number | 21 |
| 099 ## - LOCAL FREE-TEXT CALL NUMBER (OCLC) | |
| Classification number | 189.1092 M215ir |
| 100 1# - MAIN ENTRY--PERSONAL NAME | |
| Personal name | العراقى، عاطف |
| 245 00 - TITLE STATEMENT | |
| Title | زكى نجيب محمود : |
| Remainder of title | مفكرا عربيا و رائدا للاتجاه العلمى التنويرى / |
| Statement of responsibility, etc. | تصدير وإشراف عاطف العراقى. |
| 264 ## - PRODUCTION, PUBLICATION, DISTRIBUTION, MANUFACTURE, AND COPYRIGHT NOTICE | |
| Place of production, publication, distribution, manufacture | الاسكندرية(مصر) : |
| Name of producer, publisher, distributor, manufacturer | دار الوفاء لدنيا الطباعة و النشر، |
| Date of production, publication, distribution, manufacture, or copyright notice | [2000]. |
| 300 ## - PHYSICAL DESCRIPTION | |
| Extent | 875 صفحة : |
| Other physical details | ايضاحيات ؛ |
| Dimensions | 24 سم |
| 336 ## - CONTENT TYPE | |
| Source | rdacontent |
| Content type term | text |
| 337 ## - MEDIA TYPE | |
| Source | rdamedia |
| Media type term | Unmediated |
| 338 ## - CARRIER TYPE | |
| Source | rdacarrier |
| Carrier type term | volume |
| 500 ## - GENERAL NOTE | |
| General note | النسخة رقم (173863) اهداء د. جابر عصفور سنة 2024 |
| 504 ## - BIBLIOGRAPHY, ETC. NOTE | |
| Bibliography, etc. note | يشتمل على ارجاعات ببليوجرافية. |
| 541 ## - IMMEDIATE SOURCE OF ACQUISITION NOTE | |
| Method of acquisition | اهداء ؛ |
| Source of acquisition | أ.د. حسنين محمد ربيع ؛ |
| Address | القاهرة ؛ |
| Date of acquisition | 2019 |
| 541 ## - IMMEDIATE SOURCE OF ACQUISITION NOTE | |
| Method of acquisition | اهداء ؛ |
| Source of acquisition | د. جابر عصفور ؛ |
| Address | القاهرة ؛ |
| Date of acquisition | 2024. |
| 600 10 - SUBJECT ADDED ENTRY--PERSONAL NAME | |
| Personal name | محمود : زكى نجيب : |
| Dates associated with a name | 1905- |
| 650 17 - SUBJECT ADDED ENTRY--TOPICAL TERM | |
| Topical term or geographic name entry element | الفلاسفة المصريون |
| Source of heading or term | qrmak |
| 650 17 - SUBJECT ADDED ENTRY--TOPICAL TERM | |
| Topical term or geographic name entry element | الفلاسفة |
| Geographic subdivision | مصر |
| Source of heading or term | qrmak |
| 650 17 - SUBJECT ADDED ENTRY--TOPICAL TERM | |
| Topical term or geographic name entry element | الفلسفة الحديثة |
| Source of heading or term | qrmak |
| 650 17 - SUBJECT ADDED ENTRY--TOPICAL TERM | |
| Topical term or geographic name entry element | المؤلفون العرب |
| Geographic subdivision | مصر |
| Source of heading or term | qrmak |
| 905 ## - Cataloger and Reviser Names | |
| Cataloger Name | |
| Reviser Name | |
| 905 ## - Cataloger and Reviser Names | |
| Cataloger Name | Aya Mohamed |
| 905 ## - Cataloger and Reviser Names | |
| Cataloger Name | |
| Reviser Name | |
| 942 ## - ADDED ENTRY ELEMENTS (KOHA) | |
| Source of classification or shelving scheme | Dewey Decimal Classification |
| Koha item type | Books |
| Edition | 21 |
| Suppress in OPAC | No |
| Withdrawn status | Lost status | Source of classification or shelving scheme | Damaged status | Not for loan | Home library | Current library | Date acquired | Inventory number | Total checkouts | Full call number | Barcode | Date last seen | Price effective from | Koha item type |
|---|---|---|---|---|---|---|---|---|---|---|---|---|---|---|
| Dewey Decimal Classification | Not for loan | المكتبة المركزبة الجديدة - جامعة القاهرة | قاعة المكتبات المهداة - الدور الرابع | 11.02.2024 | 158443 | 189.1092 M215ir H.R. | 01000100158443000 | 23.06.2024 | 23.09.2023 | Books | ||||
| Dewey Decimal Classification | Not for loan | المكتبة المركزبة الجديدة - جامعة القاهرة | قاعة المكتبات المهداة - الدور الرابع | 12.11.2025 | 173863 | 189.1092 M215ir J.U. | 01000100173863000 | 12.11.2025 | 12.11.2025 | Books |